LEADER 00857nam0-22002651i-450 001 990004890660403321 005 20210617150315.0 035 $a000489066 035 $aFED01000489066 035 $a(Aleph)000489066FED01 035 $a000489066 100 $a19990530g19--9999km-y0itay50------ba 101 0 $aita 105 $ay-------001yy 200 1 $aProsa e prosatori$eSritti storici e teorici$eProsa e prosatori - La prosa volgare del Quattrocento - Un trattatello di Michele Del Giogante...$fOrazio Bacci 210 $aMilano [etc.]$cR. Sandron$d[19 ?]. 215 $aXVI, 396 p.$d19 cm 700 1$aBacci,$bOrazio$f<1860-1917>$0164846 801 0$aIT$bUNINA$gRICA$2UNIMARC 901 $aBK 912 $a990004890660403321 952 $a3/XIV BB 43$bR. Bibl. 8062/4243$fFLFBC 959 $aFLFBC 996 $aProsa e prosatori$9520514 997 $aUNINA LEADER 01900nam0 22004093i 450 001 LO10599174 005 20231121125522.0 010 $a8887002177 100 $a20140626d2001 ||||0itac50 ba 101 | $aita 102 $ait 181 1$6z01$ai $bxxxe 182 1$6z01$an 200 1 $aDizionario dialettale$elessico comparato dei comuni molisani compresi nelle valli interne del Biferno del Trigno e del Volturno$fNino L. Bagnoli, Mario Discenza, Giambattista Faralli$gpresentazione di Alberto M. Cirese$gintroduzione di Francesco Avolio 210 $aVenafro$cVitmar$d2001 215 $a302 p.$d31 cm.$e1 CD-ROM 606 $aDizionario dialettale$2FIR$3RMLC379690$9I 676 $a019$9Cataloghi dizionari$v21 700 1$aBagnoli$b, Nino L.$3BVEV026992$4070$0441013 701 1$aDiscenza$b, Mario$3LO1V206447$4070$0441014 701 1$aFaralli$b, Giambattista$3REAV093442$4070$0441015 702 1$aAvolio$b, Francesco$3CFIV014053 702 1$aCirese$b, Alberto Mario$3CFIV033893 790 1$aBagnoli$b, Nino Liborio$3SBNV007428$zBagnoli, Nino L. 790 1$aCirese$b, Alberto Maria$3SBNV029693$zCirese, Alberto Mario 790 1$aCirese$b, Alberto M.$3SBNV029694$zCirese, Alberto Mario 790 1$aFaralli$b, Gian Battista$3MOLV000448$zFaralli, Giambattista 790 1$aFaralli$b, G. B.$3SBNV007833$zFaralli, Giambattista 801 3$aIT$bIT-01$c20140626 850 $aIT-FR0084 $aIT-FR0017 899 $aBiblioteca Del Monumento Nazionale Di Montecassino$bFR0084 899 $aBiblioteca umanistica Giorgio Aprea$bFR0017 912 $aLO10599174 950 0$aBiblioteca umanistica Giorgio Aprea$d 52CIS 4/120$e 52VM 0000181235 VM barcode:00057097. - Inventario:23617 FLSVM$fA $h20021015$i20121204 977 $a 25$a 52 996 $aDizionario dialettale$978176 997 $aUNICAS